000
00291nam a22001097a 4500
082
_a
503.21 MCG'I
100
_a
INTERNATIONAL
_9
56721
245
_a
MCGRAW HILL ENCYCLOPEDIA OF SCIENCE AND TECHNOLOGY VOLUME - 15 INDEX
260
_a
NEWYORK
_b
MCGRAW HILL
_c
1966
300
_a
500P
942
_c
BK
999
_c
567080
_d
567080